Establishment of standard values for nutritional diagnosis in soil and leaves of immature rubber tree (Record no. 58785)

MARC details
000 -LEADER
fixed length control field 00528nam a2200157Ia 4500
100 ## - MAIN ENTRY--AUTHOR NAME
Personal name Suchartgul S
245 #0 - TITLE STATEMENT
Title Establishment of standard values for nutritional diagnosis in soil and leaves of immature rubber tree
260 ## - PUBLICATION, DISTRIBUTION, ETC. (IMPRINT)
Name of publisher IRRDB International Rubber Conference 14-17 December 2011, Chiang
650 ## - SUBJECT ADDED ENTRY--TOPICAL TERM
Topical Term Leaf nutrient
650 ## - SUBJECT ADDED ENTRY--TOPICAL TERM
Topical Term Nutritional diagnosis
650 ## - SUBJECT ADDED ENTRY--TOPICAL TERM
Topical Term Rubber treeSstandard values
700 ## - ADDED ENTRY--PERSONAL NAME
Personal name Issarakrisila M
700 ## - ADDED ENTRY--PERSONAL NAME
Personal name Maneepong S
942 ## - ADDED ENTRY ELEMENTS (KOHA)
Koha item type Journals
Holdings
Withdrawn status Lost status Damaged status Not for loan Home library Current library Date acquired Koha item type
      Journals RRII Library RRII Library 26/09/2013 Journals